The state of the industry report (Record no. 102819)

MARC details
000 -LEADER
fixed length control field 01243cam a2200265 4500
001 - CONTROL NUMBER
control field J122306
008 - FIXED-LENGTH DATA ELEMENTS--GENERAL INFORMATION
fixed length control field #DATE n2000 000 0 eng u
035 ## - SYSTEM CONTROL NUMBER
System control number (Sirsi) u122306
041 ## - LANGUAGE CODE
Language code of text/sound track or separate title eng
050 ## - LIBRARY OF CONGRESS CALL NUMBER
Classification number 338.4569
-- 18
110 ## - MAIN ENTRY--CORPORATE NAME
Corporate name or jurisdiction name as entry element Consultative Committee on Construction Industry Statistics
9 (RLIN) 2658
245 #4 - TITLE STATEMENT
Title The state of the industry report
Remainder of title April 2000
260 ## - PUBLICATION, DISTRIBUTION, ETC.
Place of publication, distribution, etc. London
Name of publisher, distributor, etc. DETR
Date of publication, distribution, etc. 2000
490 ## - SERIES STATEMENT
Series statement CCCIS State of the Industry Report
Volume/sequential designation 11
520 ## - SUMMARY, ETC.
Summary, etc. Twice yearly publication providing statistics and commentary on the UK construction sector. The report looks building prices and costs, materials and products, infrastructure, consultants, housing, non-residential building and current issues facing the industry. View at www.dti.gov.uk.
650 ## - SUBJECT ADDED ENTRY--TOPICAL TERM
Topical term or geographic name entry element BUILDING INDUSTRY
650 ## - SUBJECT ADDED ENTRY--TOPICAL TERM
Topical term or geographic name entry element CONSTRUCTION INDUSTRY
650 ## - SUBJECT ADDED ENTRY--TOPICAL TERM
Topical term or geographic name entry element CONSTRUCTION STATISTICS
650 ## - SUBJECT ADDED ENTRY--TOPICAL TERM
Topical term or geographic name entry element STATE OF THE CONSTRUCTION INDUSTRY
690 ## - LOCAL SUBJECT ADDED ENTRY--TOPICAL TERM (OCLC, RLIN)
Topical term or geographic name as entry element BUILT ENVIRONMENT
710 ## - ADDED ENTRY--CORPORATE NAME
Corporate name or jurisdiction name as entry element Construction Industry Board
9 (RLIN) 2991
710 ## - ADDED ENTRY--CORPORATE NAME
Corporate name or jurisdiction name as entry element Department for Environment, Transport and the Regions
9 (RLIN) 4203
856 ## - ELECTRONIC LOCATION AND ACCESS
Uniform Resource Identifier <a href="https://webarchive.nationalarchives.gov.uk/+/http://www.dti.gov.uk/construction/stats/soi/soi11.htm ">https://webarchive.nationalarchives.gov.uk/+/http://www.dti.gov.uk/construction/stats/soi/soi11.htm </a>
Hours access method available View the report on the DTI website...
942 ## - ADDED ENTRY ELEMENTS (KOHA)
Suppress in OPAC 0
Holdings
Withdrawn status Lost status Source of classification or shelving scheme Damaged status Not for loan Home library Current library Shelving location Date acquired Total Checkouts Full call number Barcode Date last seen Copy number Price effective from Koha item type
    Dewey Decimal Classification     Virtual Virtual Online 19/05/2003   ONLINE PUBLICATION 122306-1001 06/08/2019 1 06/08/2019 Reference material